000 00348cam a2200145ua 4500
041 _aeng
_h
082 _a342.02
_bPAL/IN
100 _aM.R. Palande, palande .
245 _aIntroduction to the Indian Constitution
260 _a :
_bOxford University press ,
_c1956.
300 _a522 ; .
504 _a
942 _cBK
999 _c11227
_d11227